01689cam a2200325 i 450000100090000000300040000900500170001300800410003001000170007102000250008803500130011304000380012604200080016405000220017210000310019424501180022525000170034326400340036030000560039433600260045033700280047633800270050449000220053150001160055350400510066952004460072065000320116665000300119877601350122823059112OSt20260512143716.0230411s2023 nyu b 001 0 eng  a 2022061879 a9780367491840q(pbk) a23059112 aDLCbengerdacDLCdDLCdMILA_ain apcc00aGT3405b.B69 20231 aBowdin, G. A. J.,eauthor.10aEvents management /cGlenn A. J. Bowdin, Johnny Allen, Rob Harris, Leo Jago, William O 'Toole and Ian McDonnell. a4th edition. 1aNew York :bRoutledge,c2023. axxxix, 811 pages :billustrations (color) ;c25 cm. atextbtxt2rdacontent aunmediatedbn2rdamedia avolumebnc2rdacarrier0 aEvents management a"First edition published by Butterworth-Heinemann 2001. Third edition published by Routledge 2012"--T.p. verso. aIncludes bibliographical references and index. a"A must-have introductory text of unrivalled coverage and depth focusing on events planning and management, the fourth edition of Events Management provides a complete A to Z of the principles and practices of planning, managing and staging events. This book has been dubbed 'the events management bible' and fosters an interactive learning experience amongst scholars of events management, tourism and hospitality"--cProvided by publisher. 0aSpecial eventsxManagement. 0aSpecial eventsxPlanning.08iOnline version:aBowdin, Glenn A. J.tEvents managementb4th edition.dNew York : Routledge, 2023z9781003044963w(DLC) 2022061880